Caricamento...

Contradiction in disability law : selective abortions and rights /

Dettagli Bibliografici
Autore principale: Smitha Nizar
Natura: Printed Book
Pubblicazione: New Delhi, OUP, 2016.
Edizione:First edition.
Soggetti:
LEADER 00769cam a2200217 i 4500
020 |a 9780199466658 (hbk.) 
020 |a 0199466653 (hbk.) 
082 0 4 |a 346.0138  |b SMI.C 
100 1 |a Smitha Nizar. 
245 1 4 |a Contradiction in disability law :  |b selective abortions and rights /  |c Smitha Nizar. 
250 |a First edition. 
260 |a New Delhi,  |b OUP,  |c 2016. 
300 |a lxii, 220 pages ; 
504 |a Includes bibliographical references (pages 191-210) and index. 
650 0 |a People with disabilities  |z India. 
650 0 |a Disability evaluation 
650 0 |a Abortion 
650 0 |a Abortion 
942 |c BK 
999 |c 301941  |d 301941 
952 |0 0  |1 0  |4 0  |6 346_013800000000000_SMI_C  |7 0  |9 322481  |a LAW  |b LAW  |d 2020-10-07  |l 0  |o 346.0138 SMI.C  |p LAW4674  |r 2020-10-07  |w 2020-10-07  |y BK